<?xml version="1.0" encoding="UTF-8"?>
<record
    xmlns:xsi="http://www.w3.org/2001/XMLSchema-instance"
    xsi:schemaLocation="http://www.loc.gov/MARC21/slim http://www.loc.gov/standards/marcxml/schema/MARC21slim.xsd"
    xmlns="http://www.loc.gov/MARC21/slim">

  <leader>02145njm a2200361Ia 4500</leader>
  <controlfield tag="001">40058</controlfield>
  <controlfield tag="003">IT-RoPAU</controlfield>
  <controlfield tag="005">20220918181201.0</controlfield>
  <controlfield tag="008">131025s9999    xx            000 0 und d</controlfield>
  <datafield tag="040" ind1=" " ind2=" ">
    <subfield code="a">IT-RoPAU</subfield>
  </datafield>
  <datafield tag="040" ind1=" " ind2=" ">
    <subfield code="c">IT-RoPAU</subfield>
  </datafield>
  <datafield tag="999" ind1=" " ind2=" ">
    <subfield code="c">103053</subfield>
    <subfield code="d">103053</subfield>
  </datafield>
  <datafield tag="999" ind1=" " ind2=" ">
    <subfield code="b">n.d.</subfield>
  </datafield>
  <datafield tag="100" ind1=" " ind2=" ">
    <subfield code="a">AA.VV.</subfield>
    <subfield code="9">794</subfield>
  </datafield>
  <datafield tag="100" ind1=" " ind2=" ">
    <subfield code="e">Autore musica</subfield>
    <subfield code="9">20624</subfield>
  </datafield>
  <datafield tag="100" ind1=" " ind2=" ">
    <subfield code="g">Codice autore musica SPICS: 12000</subfield>
    <subfield code="9">796</subfield>
  </datafield>
  <datafield tag="245" ind1=" " ind2=" ">
    <subfield code="a">Intermezzo, vol. 04</subfield>
  </datafield>
  <datafield tag="250" ind1=" " ind2=" ">
    <subfield code="a">1a ed.</subfield>
  </datafield>
  <datafield tag="260" ind1=" " ind2=" ">
    <subfield code="a">ITALIA</subfield>
  </datafield>
  <datafield tag="260" ind1=" " ind2=" ">
    <subfield code="b">SELEZIONE</subfield>
    <subfield code="c">1972 [1a Ed.:1972]</subfield>
  </datafield>
  <datafield tag="300" ind1=" " ind2=" ">
    <subfield code="a">DISCO</subfield>
  </datafield>
  <datafield tag="500" ind1=" " ind2=" ">
    <subfield code="a">Musica classica. Musica operistica. Intermezzi tratti da opere di autori famosi</subfield>
  </datafield>
  <datafield tag="505" ind1=" " ind2=" ">
    <subfield code="a">Cavalleria rusticana, intermezzo - Pagliacci, intermezzo - Manon Lescaut, atto III: intermezzo - Guglielmo Ratcliff, intermezzo (Il sogno) - Fedora, atto II: interludio - L'amico Fritz, atto III: intermezzo - La Wally, atto III: preludio (a sera) - Silvano, barcarola - Adriana Lecouvreur, atto IV: preludio - I quattro rusteghi, atto II: intermezzo</subfield>
  </datafield>
  <datafield tag="511" ind1=" " ind2=" ">
    <subfield code="a">Orchestra Stabile del Teatro Comunale di Bologna diretta da Basile Arturo</subfield>
  </datafield>
  <datafield tag="650" ind1=" " ind2=" ">
    <subfield code="a">INTERMEZZO [DISCHI]</subfield>
    <subfield code="e">Codice MATERIA SPICS: 9950</subfield>
    <subfield code="9">20625</subfield>
  </datafield>
  <datafield tag="700" ind1=" " ind2=" ">
    <subfield code="a">Mascagni Pietro</subfield>
    <subfield code="d">Codice autore musica SPICS: 11012</subfield>
    <subfield code="e">Autore musica</subfield>
    <subfield code="p">Cavalleria rusticana, intermezzo - Guglielmo Ratcliff, intermezzo (Il sogno) - L'amico Fritz, atto III: intermezzo - Silvano, barcarola</subfield>
    <subfield code="9">20626</subfield>
  </datafield>
  <datafield tag="700" ind1=" " ind2=" ">
    <subfield code="a">Leoncavallo Ruggiero</subfield>
    <subfield code="d">Codice autore musica SPICS: 11470</subfield>
    <subfield code="e">Autore musica</subfield>
    <subfield code="p">Pagliacci, intermezzo</subfield>
    <subfield code="9">20627</subfield>
  </datafield>
  <datafield tag="700" ind1=" " ind2=" ">
    <subfield code="a">Puccini Giacomo</subfield>
    <subfield code="d">Codice autore musica SPICS: 11082</subfield>
    <subfield code="e">Autore musica</subfield>
    <subfield code="p">Manon Lescaut, atto III: intermezzo</subfield>
    <subfield code="9">20628</subfield>
  </datafield>
  <datafield tag="700" ind1=" " ind2=" ">
    <subfield code="a">Giordano Umberto</subfield>
    <subfield code="d">Codice autore musica SPICS: 13179</subfield>
    <subfield code="e">Autore musica</subfield>
    <subfield code="p">Fedora, atto II: interludio</subfield>
    <subfield code="9">20629</subfield>
  </datafield>
  <datafield tag="700" ind1=" " ind2=" ">
    <subfield code="a">Catalani Alfredo</subfield>
    <subfield code="d">Codice autore musica SPICS: 13091</subfield>
    <subfield code="e">Autore musica</subfield>
    <subfield code="p">La Wally, atto III: preludio (a sera)</subfield>
    <subfield code="9">20630</subfield>
  </datafield>
  <datafield tag="700" ind1=" " ind2=" ">
    <subfield code="a">Cilea Francesco</subfield>
    <subfield code="d">Codice autore musica SPICS: 13779</subfield>
    <subfield code="e">Autore musica</subfield>
    <subfield code="p">Adriana Lecouvreur, atto IV: preludio</subfield>
    <subfield code="9">20631</subfield>
  </datafield>
  <datafield tag="700" ind1=" " ind2=" ">
    <subfield code="a">Wolf-Ferrari Ermanno</subfield>
    <subfield code="d">Codice autore musica SPICS: 8274</subfield>
    <subfield code="e">Autore musica</subfield>
    <subfield code="p">I quattro rusteghi, atto II: intermezzo</subfield>
    <subfield code="9">20632</subfield>
  </datafield>
  <datafield tag="942" ind1=" " ind2=" ">
    <subfield code="c">MD</subfield>
    <subfield code="2">ddc</subfield>
  </datafield>
  <datafield tag="952" ind1=" " ind2=" ">
    <subfield code="0">0</subfield>
    <subfield code="1">0</subfield>
    <subfield code="4">0</subfield>
    <subfield code="6">40058_000000000000000</subfield>
    <subfield code="7">1</subfield>
    <subfield code="a">SPICS</subfield>
    <subfield code="b">SPICS</subfield>
    <subfield code="d">2013-10-25</subfield>
    <subfield code="l">0</subfield>
    <subfield code="o">40058</subfield>
    <subfield code="r">2013-10-25 00:00:00</subfield>
    <subfield code="w">2013-10-25</subfield>
    <subfield code="y">MD</subfield>
    <subfield code="z">Progr. Ins.: 13874 / N.Vol.: 1 / Copie: 1 - Copia rara: n.d. / date import: 01.01.2014 - By Epidotti, Trombetti, Vaglietti</subfield>
  </datafield>
</record>
